000 01439cam a2200385 i 4500
003 EG-GICUC
005 20260121101742.0
008 000719s2001 coua frb 001 0 eng d
020 _a0813397502
_qalk. paper
020 _a9780813397504
_q(alk. paper)
040 _aDLC
_cDLC
_dDLC
_dEG-GICUC
_beng
_erda
050 0 0 _aJZ4984.5
_b.W45 2001
082 0 0 _a341.23
_221
092 0 4 _221
099 _aLaw 11 2001
100 1 _aWeiss, Thomas G.
_q(Thomas George),
_d1946-
245 1 4 _aThe United Nations and changing world politics /
_cThomas G. Weiss, David P. Forsythe, Roger A. Coate.
250 _a3rd edition.
264 _aBoulder, CO :
_bWestview Press,
_c2001.
300 _axxx, 362 pages :
_billustrations ;
_c23 cm.
336 _atext
_2rdacontent
337 _aComputer
_2rdamedia
338 _aOnline Resource
_2rdacarrier
504 _aIncludes bibliographical references (p. 335-342) and index.
610 2 0 _aUnited Nations.
650 0 _aWorld politics
_y1989-
700 1 _aForsythe, David P.,
_d1941-
_ejoint author.
700 1 _aCoate, Roger A.,
_ejoint author.
856 4 2 _uhttps://fll.law.cu.edu.eg/fulltext/bks/ENGB11-00078.pdf
856 4 2 _3Contributor biographical information
_uhttp://www.loc.gov/catdir/enhancements/fy0830/00043703-b.html
856 4 2 _3Publisher description
_uhttp://www.loc.gov/catdir/enhancements/fy0830/00043703-d.html
905 _a10
942 _2ddc
_cBK
_e21
_n0
999 _c57894
_d57894